Diccionari de locucions i expressions llatines de l'àmbit parlamentari (Registre núm. 67727)
[ vista simple ]
| 000 -LEADER | |
|---|---|
| campo de control de longitud fija | 00987amm a2200313a 44500 |
| 008 - DATOS DE LONGITUD FIJA--INFORMACIÓN GENERAL | |
| campo de control de longitud fija | 201118s2020 cat |
| 041 ## - CÓDIGO DE IDIOMA | |
| Código de lengua del texto/banda sonora o título independiente | cat |
| 041 ## - CÓDIGO DE IDIOMA | |
| Llengües tractades | lat |
| 041 ## - CÓDIGO DE IDIOMA | |
| Llengües tractades | spa |
| 110 ## - ENTRADA PRINCIPAL--NOMBRE DE ENTIDAD CORPORATIVA | |
| Nombre de entidad corporativa o nombre de jurisdicción como elemento de entrada | Parlament de Catalunya. Departament d'Assessorament Lingüístic |
| 9 (RLIN) | 74960 |
| 245 ## - MENCIÓN DEL TÍTULO | |
| Título | Diccionari de locucions i expressions llatines de l'àmbit parlamentari |
| Medio | [en línia] |
| Mención de responsabilidad, etc. | Parlament de Catalunya. Departament d'Assessorament Lingüístic |
| 260 ## - PUBLICACIÓN, DISTRIBUCIÓN, ETC. | |
| Lugar de publicación, distribución, etc. | Barcelona |
| Nombre del editor, distribuidor, etc. | TERMCAT, Centre de Terminologia |
| Fecha de publicación, distribución, etc. | 2020 |
| 500 ## - NOTA GENERAL | |
| Nota general | Bibliografia |
| 500 ## - NOTA GENERAL | |
| Nota general | Notes |
| 500 ## - NOTA GENERAL | |
| Publicació TERMCAT | termcat |
| 520 ## - RESUMEN, ETC. | |
| Nombre de termes | 213 |
| 546 ## - NOTA DE IDIOMA | |
| Llengua de les definicions | català |
| 592 ## - Tipus obra | |
| Tipus d'obra | Obra terminològica |
| 593 ## - Codi CGAT | |
| Codi de la CGAT | MR |
| 593 ## - Codi CGAT | |
| Codi de la CGAT | SXL |
| 650 ## - PUNTO DE ACCESO ADICIONAL DE MATERIA--TÉRMINO DE MATERIA | |
| Término de materia o nombre geográfico como elemento de entrada | dret parlamentari |
| 9 (RLIN) | 74961 |
| 650 ## - PUNTO DE ACCESO ADICIONAL DE MATERIA--TÉRMINO DE MATERIA | |
| Término de materia o nombre geográfico como elemento de entrada | llatí |
| 9 (RLIN) | 62037 |
| 650 ## - PUNTO DE ACCESO ADICIONAL DE MATERIA--TÉRMINO DE MATERIA | |
| Término de materia o nombre geográfico como elemento de entrada | llatinismes |
| 9 (RLIN) | 67533 |
| 856 ## - LOCALIZACIÓN Y ACCESO ELECTRÓNICOS | |
| Identificador Uniforme de Recursos | <a href="https://www.termcat.cat/ca/diccionaris-en-linia/274">https://www.termcat.cat/ca/diccionaris-en-linia/274</a> |
| 901 ## - ELEMENTOS DE DATOS A LOCAL LDA (RLIN) | |
| c | cop. <2020> |
| 902 ## - ELEMENTOS DE DATOS B LOCAL, LDB (RLIN) | |
| a | 201118 |
| 942 ## - ELEMENTOS DE ENTRADA SECUNDARIOS (KOHA) | |
| Tipo de ítem Koha | Monografia |
| Suprimir en OPAC | No |
| Fuente del sistema de clasificación o colocación | Clasificación Decimal Dewey |
| Estatus retirado | Estado de pérdida | Fuente del sistema de clasificación o colocación | Estado de daño | No para préstamo | Biblioteca de origen | Biblioteca actual | Fecha de adquisición | Total de préstamos | Código de barras | Visto por última vez | Identificador Uniforme de Recursos | Precio de reemplazo | Tipo de ítem Koha |
|---|---|---|---|---|---|---|---|---|---|---|---|---|---|
| ddc | TERMCAT | TERMCAT | 18/11/2020 | 16804 | 30/09/2021 | https://www.termcat.cat/ca/diccionaris-en-linia/274 | 30/09/2021 | MO |